[Event "Bastia CC Winter op 34th"]
[Site "Bastia"]
[Date "2009.01.21"]
[Round "4"]
[White "Royer, Damien"]
[Black "Guorgues, Xavier"]
[Result "0-1"]
[WhiteElo "1310"]
[BlackElo "2214"]
[PlyCount "78"]
[EventDate "2009.01.18"]
[EventType "swiss"]
[EventRounds "7"]
[EventCountry "FRA"]
[SourceTitle "EXT 2010"]
[Source "ChessBase"]
[SourceDate "2010.11.25"]
[SourceVersion "1"]
[SourceVersionDate "2010.11.25"]
[SourceQuality "1"]

1. e4 e6 2. d4 d5 3. Bd3 Nf6 4. e5 Nfd7 5. Nf3 c5 6. Bg5 Qb6 7. c3 Qxb2 8. Nbd2 Qxc3 9. Bb5 Nc6 10. Bxc6 bxc6 11. Rc1 Qd3 12. Be3 Be7 13. Qa4 Ba6 14. Kd1 Bb5 15. Qa5 Bd8 16. Qc3 Qxc3 17. Rxc3 Ba5 18. Ra3 Bb4 19. Rb3 Ba4 20. Ke1 Bxb3 21. axb3 cxd4 22. Nxd4 Nxe5 23. f4 c5 24. Nc2 Bxd2+ 25. Bxd2 Nd3+ 26. Ke2 c4 27. b4 Kd7 28. b5 Rhb8 29. Rb1 f6 30. f5 exf5 31. Nd4 Re8+ 32. Kd1 g6 33. b6 axb6 34. Rxb6 Ra1+ 35. Kc2 Ra2+ 36. Kc3 Rea8 37. Bc1 Nxc1 38. Kb4 Nd3+ 39. Kb5 R8a5# 0-1